| 000 | 00646nam a2200205Ii 4500 | ||
|---|---|---|---|
| 003 | JO-AjNU | ||
| 008 | 230605s9999||||xx |||||||||||||| ||und|| | ||
| 017 | _a2002/6/1109 | ||
| 040 |
_aJO-AjNU _bara _erda _cJO-AjNU |
||
| 041 | _aara | ||
| 050 | 1 | 4 | _aK5223 2003 |
| 100 | 3 |
_aالسعد، صالح, _eauthor _946522 |
|
| 245 | 0 | 0 | _aغسل الأموال: مصرفيا، أمنيا، قانونيا |
| 264 | 3 | 1 | _aعمان: المؤلف، 2003 |
| 300 | _a444ص | ||
| 336 |
_atext _btxt _2rdacontent |
||
| 337 |
_aunmediated _bn _2rdamedia |
||
| 338 |
_avolume _bnc _2rdacarrier |
||
| 650 | 4 |
_aغسيل الاموال - جرائم اموال _946523 |
|
| 999 |
_aA20246 _c23814 _d23814 |
||